Statistiken für Alle Minderheiten Estlands

Klicken Sie hier um das Quiz zu spielen!

Allgemein

  • Dieses Quiz wurde 43 mal gespielt
  • Das Durchschnittsergebnis liegt bei 9 aus 10

Antwortstatistiken

BevölkerungLand% Korrekt
6,037Finnland
100%
115,890Russland
100%
6,094Lettland
97%
24,996Ukraine
97%
2,090Litauen
94%
10,355Weißrussland
88%
2,380Deutschland
85%
1,688Aserbaidschan
74%
2,090Georgien
71%
3,760Kasachstan
71%

Verteilung der Resultate

Perzentil nach korrekt beantworteten Fragen

Anzahl Personen mit jedem Resultat

Ihre Resultats-Entwicklung

Sie haben dieses Quiz noch nicht gespielt